From Whitlam to Fraser : reform and reaction in Australian politics /

Bibliographic Details
Other Authors: Patience, Allan, Head, Brian
Format: Book
Language:English
Published: Melbourne ; New York : Oxford University Press, 1979.
Subjects:

MARC

Tag First Indicator Second Indicator Subfields
LEADER 00000cam a2200000 i 4500
001 in00000049225
005 20151007065724.0
008 800213s1979 at b 00100 eng
010 |a  79323046  
015 |a Aus*** 
020 |a 0195505808 :  |c 28.50 
020 |a 0195505956 (pbk.) 
035 |a (OCoLC)05841634 
035 |9 AAE2547AM 
040 |a DLC  |c DLC  |d TXA  |d UtOrBLW 
043 |a u-at--- 
049 |a TXAM  |c [981230] 
050 0 0 |a JQ4081  |b .F76 
082 0 |a 994.06 
245 0 0 |a From Whitlam to Fraser :  |b reform and reaction in Australian politics /  |c edited by Allan Patience and Brian Head. 
264 1 |a Melbourne ;  |a New York :  |b Oxford University Press,  |c 1979. 
300 |a 320 pages ;  |c 22 cm. 
336 |a text  |b txt  |2 rdacontent 
337 |a unmediated  |b n  |2 rdamedia 
338 |a volume  |b nc  |2 rdacarrier 
504 |a Includes bibliographical references and index. 
651 0 |a Australia  |x Politics and government  |y 1945- 
651 0 |a Australia  |x Economic policy. 
651 0 |a Australia  |x Social policy. 
700 1 |a Patience, Allan. 
700 1 |a Head, Brian. 
999 |a MARS 
999 f f |s 5365b3dc-cbfd-360f-8c21-66aae23a7470  |i b0dc827e-04a9-3b91-9129-70afe0bc1038  |t 0 
952 f f |p ric  |a Texas A&M University  |b Rellis Campus  |c Joint Library Facility  |d Remote Storage  |t 0  |e JQ4081 .F76  |h Library of Congress classification  |i unmediated -- volume  |m A14803122002 
998 f f |a JQ4081 .F76  |t 0  |l Remote Storage